El hijo pródigo (Record no. 6066)

MARC details
000 -CABECERA
campo de control de longitud fija 01205nam a2200241 a 4500
001 - NÚMERO DE CONTROL
campo de control BRCA_6380
005 - FECHA Y HORA DE LA ÚLTIMA TRANSACCIÓN
campo de control 20190320205431.0
008 - DATOS DE LONGITUD FIJA--INFORMACIÓN GENERAL
campo de control de longitud fija 100811s1943----mx-a######---#000-0#spa-#
041 ## - CÓDIGO DE LENGUA
Código de lengua del texto/banda sonora o título independiente spa
044 ## - CÓDIGO DEL PAÍS DE LA ENTIDAD EDITORA/PRODUCTORA
Código MARC del país mx
050 #4 - SIGNATURA TOPOGRÁFICA DE LA BIBLIOTECA DEL CONGRESO
Número de clasificación PQ7100
Número de documento/Ítem .H54 3 1944
245 10 - MENCIÓN DE TÍTULO
Título El hijo pródigo
Resto del título Revista literaria
Mención de responsabilidad, etc. Octavio G. Barreda editor; Isaac Rojas Rosillo administrador.
260 ## - PUBLICACIÓN, DISTRIBUCIÓN, ETC.
Lugar de publicación, distribución, etc. México
Nombre del editor, distribuidor, etc. Letras de México
Fecha de publicación, distribución, etc. 1944
300 ## - DESCRIPCIÓN FÍSICA
Extensión 12 v.
Otras características físicas il.
Dimensiones 23 cm.
500 ## - NOTA GENERAL
Nota general Revista inventariada por Banco de México como libro
500 ## - NOTA GENERAL
Nota general Ver también K188, K189 y K191
500 ## - NOTA GENERAL
Nota general K190
505 0# - NOTA DE CONTENIDO CON FORMATO
Nota de contenido con formato Contenido: v.1. vol. III, No. 10, Enero, 1944.--v.2. vol. III, No. 11, Febrero, 1944.-- v.3. vol. III, No. 12, Marzo, 1944.-- v.4. vol. IV, No. 13, Abril, 1944.-- v.5. vol. IV, No. 14, Mayo, 1944.-- v.6. vol. IV, No. 15, Junio, 1944.-- v.7. vol. V, No. 16, Julio, 1944.-- v.8. vol. V, No. 17, Agosto, 1944.-- v.9. vol. V, No. 18, Septiembre, 1944.-- v.10. vol. VI, No. 19, Octubre, 1944.-- v.11. vol. VI, No. 20, Noviembre, 1944.--v.12. vol. VI, No. 21, Diciembre, 1944.
650 14 - PUNTO DE ACCESO ADICIONAL DE MATERIA--TÉRMINO DE MATERIA
Término de materia o nombre geográfico como elemento de entrada Literatura mexicana
Subdivisión de forma Publicaciones periódicas
9 (RLIN) 15868
650 14 - PUNTO DE ACCESO ADICIONAL DE MATERIA--TÉRMINO DE MATERIA
Término de materia o nombre geográfico como elemento de entrada Arte
Subdivisión geográfica México
9 (RLIN) 15969
902 ## - CATALOGADOR
Iniciales GFM
942 ## - ELEMENTOS DE PUNTO DE ACCESO ADICIONAL (KOHA)
Fuente del sistema de clasificación o colocación Library of Congress Classification
Tipo de ítem Koha Libros
Holdings
Estado de retiro Estado de pérdida Estado dañado No para préstamo Localización permanente Ubicación/localización actual Fecha de adquisición Número de inventario Total de préstamos Signatura topográfica completa Código de barras Fecha visto por última vez Precio válido a partir de Tipo de ítem Koha
El ejemplar forma parte de la colección y puede ser consultado según las políticas vigentes.       Biblioteca del Museo Franz Mayer (Rogerio Casas-Alatriste) Biblioteca del Museo Franz Mayer (Rogerio Casas-Alatriste) 30/08/2011 K190   PQ7100 .H54 3 1944 (K190) 6827 22/03/2019 22/03/2019 Libros